000 01154nab a22002657a 4500
999 _c6020
_d6020
003 OSt
005 20260116184038.0
008 190605e xxu||||| |||| 00| 0 spa d
040 _cPJ
100 _96823
_aNuñez, Julio César
245 1 3 _aLa legitimidad y la necesidad de las cotizaciones ordinarias, extraordinarias y las contribuciones de solidaridad previstas en las leyes 14.250 y 23.551 /
_cJulio César Nuñez.
260 _aCiudad Autónoma de Buenos Aires :
_bThomson Reuters La Ley,
_c2025.
300 _ap. 38-40
500 _aCita Online: Cita: TR LALEY AR/DOC/1553/2025.
505 _t¿Te interesa el texto completo? Solicitalo al correo: koha@justierradelfuego.gov.ar
650 0 _91316
_aDERECHO LABORAL
650 0 _94583
_aDERECHOS SINDICALES
650 0 _aCONVENIOS COLECTIVOS DE TRABAJO
_91354
650 0 _aASOCIACIONES SINDICALES
_91367
650 0 _aLIBERTAD SINDICAL
_91461
650 0 _aDERECHO DE HUELGA
_94564
650 0 _aSEGURIDAD SOCIAL
_91395
773 0 _02711
_93168
_dCiudad Autónoma de Buenos Aires : Thomson Reuters La Ley, 1999-2002.
_tRevista de derecho del trabajo. Nº 4 - Julio 2025
942 _2udc
_cANA